000 00685nam a2200193Ia 4500
008 151121s9999||||xx |||||||||||||| ||und||
082 _a796।358/पंडीत
082 _bHNW-61118
100 _aपंडित बाळ ज।
245 _aअसे सामने असे खेळाडू
260 _b"मॅजेस्टिक प्रकाशन, पुणे।"
260 _c--
300 _a185
600 _aपंडित बाळ ज।
630 _aअसे सामने असे खेळाडू
700 _aपंडित बाळ ज।
730 _aअसे सामने असे खेळाडू
942 _cBOOK
999 _c1242665
_d1242662